| 000 | 00505nam a2200205Ia 4500 | ||
|---|---|---|---|
| 008 | 170918s9999 xx 000 0 und d | ||
| 020 | _a9780516268194 | ||
| 050 | _bF683 2005 | ||
| 100 | _aFontes, Justine | ||
| 245 | _aRachel Carson / | ||
| 245 | _cJustine Fontes and Ron Fontes. | ||
| 260 | _aNew York : | ||
| 260 | _bChildren's Press, | ||
| 260 | _c2005 | ||
| 300 | _a31 pages : | ||
| 300 | _bcolored illustration ; | ||
| 300 | _c18cm. | ||
| 440 | _aRookie biographies. | ||
| 500 | _a410 | ||
| 999 |
_c341458 _d341458 |
||